000 00525cam a2200205 4500
001 773371
005 20180213032620.0
008 720410s1972 nyua 001 0 eng
010 _a 72157525
040 _aDLC
_cDLC
_dDLC
041 _aeng
080 _a712.6
082 0 0 _a712.6 REA
100 _a9
101 _aMJE
245 0 0 _aReader's digest practical guide to home landscaping.
740 _aPractical guide to home landscaping.
906 _a7
_bcbc
_corignew
_d2
_encip
_f19
_gy-gencatlg
942 _2ddc
_cBK
999 _c42327
_d42327